Анализ и реализация алгоритмов скрытия данных в изображениях формата BMP; Технологии Microsoft в теории и практике программирования

Detalhes bibliográficos
Parent link:Технологии Microsoft в теории и практике программирования.— 2016.— [С. 191-193]
Autor principal: Чан ТхюиЗунг
Autor Corporativo: Национальный исследовательский Томский политехнический университет (ТПУ) Институт кибернетики (ИК) Кафедра автоматики и компьютерных систем (АИКС)
Outros Autores: Вичугова А. А. Анна Александровна (научный руководитель)
Resumo:Заглавие с титульного экрана
The article describes the questions to hide data in image files BMP format. The idea of image processing algorithms and the result of the program implementation are presented.
Idioma:russo
Publicado em: 2016
coleção:Информационно-телекоммуникационные технологии. Информационная безопасность
Assuntos:
Acesso em linha:http://earchive.tpu.ru/handle/11683/33275
Formato: Recurso Eletrônico Capítulo de Livro
KOHA link:https://koha.lib.tpu.ru/cgi-bin/koha/opac-detail.pl?biblionumber=620940

MARC

LEADER 00000naa2a2200000 4500
001 620940
005 20231101133133.0
035 |a (RuTPU)RU\TPU\conf\19473 
035 |a RU\TPU\conf\19472 
090 |a 620940 
100 |a 20161021d2016 k y0rusy50 ca 
101 0 |a rus 
102 |a RU 
105 |a y z 101zy 
135 |a drcn ---uucaa 
181 0 |a i  
182 0 |a b 
200 1 |a Анализ и реализация алгоритмов скрытия данных в изображениях формата BMP  |f Чан ТхюиЗунг  |g науч. рук. А. А. Вичугова 
203 |a Текст  |c электронный 
225 1 |a Информационно-телекоммуникационные технологии. Информационная безопасность 
230 |a 1 компьютерный файл (pdf; 888 Kb) 
300 |a Заглавие с титульного экрана 
320 |a [Библиогр.: с. 193 (2 назв.)] 
330 |a The article describes the questions to hide data in image files BMP format. The idea of image processing algorithms and the result of the program implementation are presented. 
463 1 |0 (RuTPU)RU\TPU\conf\12653  |t Технологии Microsoft в теории и практике программирования  |o сборник трудов XIII Всероссийской научно-практической конференции студентов, аспирантов и молодых ученых, г.Томск, 22-23 марта 2016 г.  |f Национальный исследовательский Томский политехнический университет (ТПУ), Институт кибернетики ; ред. кол. А. В. Лиепиньш [и др.]  |v [С. 191-193]  |d 2016 
610 1 |a труды учёных ТПУ 
610 1 |a электронные ресурсы 
610 1 |a алгоритмы 
610 1 |a коммуникативные технологии 
610 1 |a электронные носители 
610 1 |a стеганография 
610 1 |a графические файлы 
700 0 |a Чан ТхюиЗунг 
702 1 |a Вичугова  |b А. А.  |c специалист в области информатики и вычислительной техники  |c ассистент Томского политехнического университета  |f 1986-  |g Анна Александровна  |2 stltpush  |4 727 
712 0 2 |a Национальный исследовательский Томский политехнический университет (ТПУ)  |b Институт кибернетики (ИК)  |b Кафедра автоматики и компьютерных систем (АИКС)  |h 125  |2 stltpush  |3 (RuTPU)RU\TPU\col\18698 
801 2 |a RU  |b 63413507  |c 20161028  |g RCR 
856 4 |u http://earchive.tpu.ru/handle/11683/33275 
942 |c BK